| 000 | 00469 a2200169 4500 | ||
|---|---|---|---|
| 003 | OSt | ||
| 005 | 20230902155925.0 | ||
| 008 | 230902b |||||||| |||| 00| 0 eng d | ||
| 020 | _a9788121922203 | ||
| 040 | _coclc | ||
| 082 |
_a300.723 _bCAU/R |
||
| 100 |
_aCauvery, R _9493 |
||
| 245 |
_aRESEARCH METHODOLOGY / _cR Cauvery |
||
| 260 |
_aNew Delhi: _bS Chand, _c2022. |
||
| 300 | _a226 p | ||
| 942 |
_2ddc _cBK _h300.723 _iCAU/R _k300.723 _mCAU/R |
||
| 999 |
_c42089 _d42089 |
||